Loading...
| Auditory Arts | 4 | 2.50 | 25% | 0% | 0% |
| Beliefs | 3 | 10.00 | 33% | 67% | 0% |
| Current Events | 2 | 15.00 | 100% | 50% | 0% |
| Fine Arts - Other Arts | 1 | 10.00 | 100% | 0% | 0% |
| History - American | 3 | 10.00 | 67% | 33% | 0% |
| History - Ancient | 3 | 6.67 | 33% | 33% | 0% |
| History - Other | 2 | 0.00 | 0% | 0% | 0% |
| History - World | 2 | 5.00 | 50% | 0% | 0% |
| Literature - American | 4 | 12.50 | 100% | 0% | 25% |
| Literature - British | 3 | 10.00 | 100% | 0% | 0% |
| Literature - European | 1 | 10.00 | 100% | 0% | 0% |
| Literature - World | 3 | 6.67 | 67% | 0% | 0% |
| Philosophy | 2 | 5.00 | 50% | 0% | 0% |
| Science - Biology | 1 | 10.00 | 100% | 0% | 0% |
| Science - Chemistry | 1 | 0.00 | 0% | 0% | 0% |
| Science - Other | 2 | 5.00 | 50% | 0% | 0% |
| Social Science | 4 | 5.00 | 50% | 0% | 0% |
| Visual Arts | 3 | 13.33 | 100% | 33% | 0% |